000 00566nam a22001817a 4500
999 _c60507
_d60507
003 Ge_BSU
005 20230809112853.0
008 230809s1981 sp ||||| |||| 00| 0 spa d
020 _a8425313589
041 _aspa
080 _a069 C-41
100 _aCervantes, Maria Antonieta
_919642
245 _aMuseo Nacional de Antropologia
_cMaria Antonieta Cervantes.
264 _aBarcelona :
_bGrijalbo,
_c1981.
300 _a31 p.:
_bill.;
_c25 cm.
653 _aანთროპოლოგიის ეროვნული მუზეუმი
942 _2udc
_cBK